000 00899nam a2200277 a 4500
001 000003175
003 DO-SdBNP
005 20170929104539.0
007 000003175
008 090707s2006 dr 000 f spa d
020 _a9945160532
040 _aBPMSU
_bspa
_cBPMSU
082 _aRD863.44
_bM433a
100 1 _aMatos Moquete, Manuel,
_d1944-
245 1 3 _aLa avalancha :
_bleyenda negra /
_cManuel Matos Moquete ; edición Lizet Rodríguez Hernández.
260 _aSanto Domingo :
_bBúho,
_c2006.
300 _a122 p. ;
_c22 cm.
500 _aIncluye datos biográficos del autor en la solapa de la cubierta
650 4 _aNOVELA DOMINICANA
650 4 _aLITERATURA DOMINICANA
700 1 _aRodríguez Hernández, Lizet,
_eed.
910 _aValidado. Control de calidad BNPHU
942 _2ddc
_cBK
945 _aInventariado / 2017 VM
956 _aVMATEO
_b10
_c20150327
_l BPMSU
_h00151
999 _c7583
_d7583